Datum a čas kvízu
31
Celkem bodů
Celkový počet nahraných bodů na tomto kvízu bez doplňovacích otázek.
1.
Pořadí na kvízu
Konečné umístění týmu na tomto kvízu.
Zaznamenané odpovědi
| # | Otázka | Odpověď | Body | Výsledky |
|---|---|---|---|---|
| 1. | Nestává se často, aby Černínsk... | Mahátma Gándhí | 1 | |
| 2. | V předčasných volbách do posla... | Sluha národa | 0 | |
| 3. | Minulý týden se stala na serve... | Bohemian Rhapsody, Queen | 0 | |
| 4. | Řetězec supermarketů a hyperma... | Albert/ Ahold | 0 | |
| 5. | Jak se jmenuje 36letý útočník,... | Tomáš Plekanec | 1 | |
| 6. | Anch (též nilský kříž) je egyp... | Koptové | 0 | |
| 7. | Na obrázku vidíme jednoho z ne... | hlavohruď, zadeček | 1 | |
| 8. | Jiří Křižan žil mezi lety 1941... | Je třeba zabít Sekala | 0 | |
| 5. | Úsek dálnice D1 poblíž známého... | při svatebním průvodu | 1 | |
| 5. | Jediný církevní rytířský řád z... | červenou hvězdou | 1 |